[Event "TUR-chT 2nd League"]
[Site "Konya"]
[Date "2022.08.26"]
[Round "7.3"]
[White "Kurnaz, Azra"]
[Black "Koc, Aylin"]
[Result "1-0"]
[WhiteElo "1259"]
[BlackElo "1543"]
[PlyCount "71"]
[EventDate "2022.08.22"]
[EventType "team-swiss"]
[EventRounds "9"]
[EventCountry "TUR"]
[SourceTitle "CBM 210 Extra"]
[Source "ChessBase"]
[SourceDate "2022.11.30"]
[SourceVersion "1"]
[SourceVersionDate "2022.11.30"]
[SourceQuality "1"]
[WhiteTeam "Ankara DSI Genclik"]
[BlackTeam "Pamukkale Yonetimi"]
[WhiteTeamCountry "TUR"]
[BlackTeamCountry "TUR"]

1. e4 e5 2. Nf3 Nc6 3. Nc3 Nf6 4. Be2 d5 5. exd5 Nxd5 6. 0-0 Nxc3 7. bxc3 Bd6 8. d4 exd4 9. cxd4 0-0 10. c3 h6 11. Re1 Qf6 12. Kh1 Bf5 13. Bd3 Bg4 14. h3 Bh5 15. g4 Bg6 16. Kg2 Bxd3 17. Qxd3 Qg6 18. Qxg6 fxg6 19. Nh4 Ne7 20. c4 Bb4 21. Re2 Rf7 22. Rb1 Nc6 23. d5 Nd4 24. Re4 g5 25. Rxb4 Raf8 26. Rxd4 Rxf2+ 27. Kg3 gxh4+ 28. Kxh4 b6 29. Rd2 R2f3 30. Rb3 Kh7 31. Rdd3 Rf2 32. Re3 Rxa2 33. Re7 Kg8 34. Rxc7 Rff2 35. d6 Rf8 36. d7 1-0

[Event "TUR-chT 2nd League"]
[Site "Konya"]
[Date "2022.08.24"]
[Round "4.6"]
[White "Kipik, Feyza"]
[Black "Kurnaz, Azra"]
[Result "1-0"]
[WhiteElo "1572"]
[BlackElo "1259"]
[PlyCount "65"]
[EventDate "2022.08.22"]
[EventType "team-swiss"]
[EventRounds "9"]
[EventCountry "TUR"]
[SourceTitle "CBM 210 Extra"]
[Source "ChessBase"]
[SourceDate "2022.11.30"]
[SourceVersion "1"]
[SourceVersionDate "2022.11.30"]
[SourceQuality "1"]
[WhiteTeam "Gaziantep Sader"]
[BlackTeam "Ankara DSI Genclik"]
[WhiteTeamCountry "TUR"]
[BlackTeamCountry "TUR"]

1. e4 e6 2. d3 c5 3. Nf3 d5 4. Nbd2 Nf6 5. g3 g6 6. Bg2 Bg7 7. 0-0 0-0 8. exd5 exd5 9. c3 Nc6 10. Nb3 b6 11. d4 c4 12. Nbd2 Re8 13. Re1 Bf5 14. Ne5 Nxe5 15. dxe5 Ng4 16. f4 b5 17. Nf3 Be4 18. Bh3 Bf5 19. Bg2 Be4 20. Nd4 Bxg2 21. Kxg2 Qd7 22. e6 fxe6 23. Qxg4 Bxd4 24. cxd4 b4 25. Bd2 Qd6 26. h4 Qb6 27. Rad1 Kf8 28. h5 Qb7 29. hxg6 hxg6 30. Qxg6 Qf7 31. Bxb4+ Re7 32. Bxe7+ Kxe7 33. Qxf7+ 1-0

[Event "TUR-chT Clubs"]
[Site "Konya"]
[Date "2019.07.17"]
[Round "3.14"]
[White "Kurnaz, Azra"]
[Black "Turkoglu, Sila Eylul"]
[Result "1/2-1/2"]
[WhiteElo "1268"]
[BlackElo "1201"]
[PlyCount "143"]
[EventDate "2019.07.16"]
[EventType "team-swiss"]
[EventRounds "9"]
[EventCountry "TUR"]
[SourceTitle "CBM 191 Extra"]
[Source "ChessBase"]
[SourceDate "2019.09.30"]
[SourceVersion "1"]
[SourceVersionDate "2019.09.30"]
[SourceQuality "1"]
[WhiteTeam "Afyonkarahisar Basari"]
[BlackTeam "Mugla Buyuksehir"]
[WhiteTeamCountry "TUR"]
[BlackTeamCountry "TUR"]

1. e4 e6 2. d4 d5 3. exd5 exd5 4. Bd3 Bd6 5. Nf3 Nf6 6. 0-0 0-0 7. Bg5 Bg4 8. Nbd2 Nbd7 9. c3 c6 10. Re1 Qc7 11. Qc2 Rfe8 12. Bh4 h6 13. Bg3 Bxg3 14. hxg3 Rac8 15. Bf5 Bxf5 16. Qxf5 Rcd8 17. Rad1 Qd6 18. Ne5 Qe6 19. Qxe6 Rxe6 20. Ndf3 Ne4 21. Nxd7 Rxd7 22. Ne5 Rde7 23. Re3 Rf6 24. Ng4 Rfe6 25. Rde1 Kf8 26. Ne5 Kg8 27. g4 Ng5 28. f4 Ne4 29. f5 Rd6 30. Nd3 Rc7 31. Nf2 Nf6 32. Kh2 Rdd7 33. Kh3 g5 34. fxg6 fxg6 35. Re6 Kf7 36. R6e3 Re7 37. Nd3 Rxe3+ 38. Rxe3 Re7 39. Ne5+ Kg7 40. Kg3 g5 41. Kf3 Ne4 42. Ke2 Rc7 43. Rf3 Re7 44. b3 Nf6 45. Re3 Rc7 46. a4 b6 47. b4 a6 48. Kd3 b5 49. axb5 axb5 50. Re2 Ng8 51. Ra2 Ne7 52. Ra8 Nc8 53. Kd2 Kf6 54. Ra6 Ne7 55. Ra1 Kg7 56. g3 Ng6 57. Re1 Nf8 58. Rf1 Ng6 59. Kd3 Nf8 60. Ra1 Ng6 61. Ra8 Kh7 62. Rd8 Ne7 63. Rd6 Kg7 64. Re6 Kh7 65. Nf7 Ng8 66. Ne5 Ne7 67. Rf6 Kg7 68. Rd6 Kh7 69. Rd8 Kg7 70. Nd7 Rc8 71. Rxc8 Nxc8 72. Ne5 1/2-1/2